000 00409nam a22001577a 4500
003 LK-CoDNM
005 20240919143804.0
008 240820b |||||||| |||| 00| 0 eng d
040 _aLK-CoDNM
_dLK-CoDNM
_eLK-CoDNM
041 _aeng
080 _bGP1951-Vol.LII
245 _aThe new law reports 1951 lii
260 _aColombo
_bGovernment printers
_c1951
300 _blxxiii, 576p. ; 24 cm
942 _cBK
999 _c148301
_d148301